| 000 | 01034cam a2200301 a 4500 | ||
|---|---|---|---|
| 999 |
_c6288 _d6288 |
||
| 001 | 4699440 | ||
| 003 | OSt | ||
| 005 | 20190918095853.0 | ||
| 008 | 820826s1981 ke a 000 0aeng | ||
| 010 | _a 82102392 | ||
| 020 | _a043590650X | ||
| 020 | _a0435902407 (pbk.) | ||
| 040 |
_aDLC _cDLC _dDLC |
||
| 043 | _af-ke--- | ||
| 050 | 0 | 0 |
_aPR9381.9.N45 _bZ468 1981 |
| 082 | 0 | 0 |
_a365/.45/0924 _aB _219 |
| 100 | 0 |
_aNgũgĩ wa Thiongó, _d1938- |
|
| 245 | 1 | 0 |
_aDetained : _ba writer's prison diary / _cNgũgĩ wa Thiongʾo. |
| 260 |
_aNairobi : _bHeinemann, _c1981. |
||
| 300 |
_axxiii, 228 p. : _bill. ; _c19 cm. |
||
| 440 | 0 | _aAfrican writers series | |
| 600 | 0 | 0 |
_aNgũgĩ wa Thiongó, _d1938- _xDiaries. |
| 650 | 0 |
_aAuthors, Kenyan _y20th century _xDiaries. |
|
| 650 | 0 |
_aPolitical prisoners _zKenya _xDiaries. |
|
| 650 | 0 |
_aPolitical crimes and offenses _zKenya. |
|
| 651 | 0 |
_aKenya _xPolitics and government _y1963-1978. |
|
| 906 |
_a7 _bcbc _corignew _d3 _encip _f19 _gy-gencatlg |
||
| 942 |
_2lcc _cOS _hPR9381.9.N45 |
||